Open electromagnetic waveguides / (Record no. 29530)

000 -LEADER
fixed length control field 00672 a2200193 4500
020 ## - INTERNATIONAL STANDARD BOOK NUMBER
International Standard Book Number 0852968965
020 ## - INTERNATIONAL STANDARD BOOK NUMBER
International Standard Book Number 9780852968963
082 ## - DEWEY DECIMAL CLASSIFICATION NUMBER
Classification number 539.2
090 ## - LOCALLY ASSIGNED LC-TYPE CALL NUMBER (OCLC); LOCAL CALL NUMBER (RLIN)
-- 907
-- 907
100 1# - MAIN ENTRY--PERSONAL NAME
Personal name Rozzi, T.
245 10 - TITLE STATEMENT
Title Open electromagnetic waveguides /
Statement of responsibility, etc. T. Rozzi, M. Mongiardo.
260 ## - PUBLICATION, DISTRIBUTION, ETC.
Place of publication, distribution, etc. [S.l.] :
Name of publisher, distributor, etc. The Institution of Engineering and Technology,
Date of publication, distribution, etc. 1997.
300 ## - PHYSICAL DESCRIPTION
Extent 387 p. ;
Dimensions 24 cm.
490 1# - SERIES STATEMENT
Series statement Ieee electromagnetic waves series.
700 1# - ADDED ENTRY--PERSONAL NAME
Personal name Mongiardo, M.
830 #0 - SERIES ADDED ENTRY--UNIFORM TITLE
Uniform title Ieee electromagnetic waves series.
942 ## - ADDED ENTRY ELEMENTS (KOHA)
Institution code [OBSOLETE] SNS
Koha item type Book
Call number prefix 539.2 ROZ
Holdings
Withdrawn status Lost status Damaged status Not for loan Permanent Location Current Location Date acquired Total Checkouts Full call number Barcode Date last seen Price effective from Koha item type
        School of Natural Sciences (SNS) School of Natural Sciences (SNS) 05/26/2016   539.2 ROZ SNS0001077 05/26/2016 05/26/2016 Book
© 2023 Central Library, National University of Sciences and Technology. All Rights Reserved.